000 00371nam a2200145Ia 4500
008 230917s9999||||xx |||||||||||||| ||und||
040 _e40289
_aMAIN
041 _aEnglish
082 _a809.896 N659I
100 _aNkos, Lewis
245 0 _aTasks and masks: themes and styles of African literature
260 _aLondon
_bLongman
_c1981
300 _a202 p.
942 _cBK
999 _c56605
_d56605